Witamy w Bibliotece Naukowej Instytutu Łączności!

Sintez izlucajuscich sistem : (Rekord nr 3428)

000 -LEADER
fixed length control field 00360 a2200097 4500
100 1# - MAIN ENTRY--PERSONAL NAME
Personal name Bachrach, L.D..
Relator term Autor
245 0# - TITLE STATEMENT
Title Sintez izlucajuscich sistem :
Remainder of title teorija i metody rasceta /
Statement of responsibility, etc Bachrach L.D., Kremeneckij S.D..
260 ## - PUBLICATION, DISTRIBUTION, ETC. (IMPRINT)
Place of publication, distribution, etc Moskva :
Name of publisher, distributor, etc Sovetskoe Radio,
Date of publication, distribution, etc 1974.
300 ## - PHYSICAL DESCRIPTION
Extent 232 s.:
Other physical details il.;
Dimensions 24 cm.
700 1# - ADDED ENTRY--PERSONAL NAME
Personal name Kremeneckij, S.D..
Relator term Autor
710 2# - ADDED ENTRY--CORPORATE NAME
Corporate name or jurisdiction name as entry element Sovetskoe Radio.
Relator term Wydawca
Relator code pbl

Brak dostępnych egzemplarzy.

Działa dzięki Koha